00261nam a2200097Ia 4500008004000000082001300040100002200053245004000075260004000115300000800155210210b1972 xxu||||| |||| 00| 0 eng d a158 NEWG aNEWTON (Charles). aGroom yourself for success in life. aBombaybSt. Paul Publicationsc1972 a122